Online Catalogue and eLibrary

We were making history : (Record no. 1033)

MARC details
000 -LEADER
fixed length control field 00503nam a2200193Ia 4500
005 - DATE AND TIME OF LATEST TRANSACTION
control field 20250130054846.0
008 - FIXED-LENGTH DATA ELEMENTS--GENERAL INFORMATION
fixed length control field 240331s9999 xx 000 0 und d
020 ## - INTERNATIONAL STANDARD BOOK NUMBER
ISBN 0862326796
082 ## - DDC Classification
Class No. 954
Item Number - Author Mark WEW
100 ## - MAIN ENTRY--PERSONAL NAME
Personal name Lalita, K
245 #0 - TITLE STATEMENT
Title We were making history :
Remainder of title life stories of women in the Telangana people's struggle
260 ## - PUBLICATION, DISTRIBUTION, ETC.
Place of publication, distribution, etc. New Delhi
Name of publisher, distributor, etc. Kali For Women
Date of publication, distribution, etc. 1989
300 ## - PHYSICAL DESCRIPTION
Extent (e.g. Volumes, Pages etc.) vii, 290 p .,
500 ## - GENERAL NOTE
General note
650 ## - SUBJECT ADDED ENTRY--TOPICAL TERM
Topical term or geographic name entry element Women
650 ## - SUBJECT ADDED ENTRY--TOPICAL TERM
Topical term or geographic name entry element History
650 ## - SUBJECT ADDED ENTRY--TOPICAL TERM
Topical term or geographic name entry element Ancient India
942 ## - Koha item type (Biblio)
Koha item type Books in Stacks (Lending)
Holdings
Lost status Damaged status Collection code Home library Current library Shelving location Date acquired Full call number Accession Number Item type
    Lending WERC Library WERC Library Social Science Cupboard 03/31/2024 954 WEW 1436 Books in Stacks (Lending)

© WERC Library